Normal view
MARC view
- Elementary perspective
Entry Topical Term
001 - CONTROL NUMBER
- control field: 100257
003 - CONTROL NUMBER IDENTIFIER
- control field: NUST
005 - DATE AND TIME OF LATEST TRANSACTION
- control field: 20221014094320.0
008 - FIXED-LENGTH DATA ELEMENTS
- fixed length control field: 221014|| aca||aabn | a|a d
040 ## - CATALOGING SOURCE
- Original cataloging agency: NUST
- Transcribing agency: NUST
150 ## - HEADING--TOPICAL TERM
- Topical term or geographic name entry element: Elementary perspective
670 ## - SOURCE DATA FOUND
- Source citation: Work cat.: (NUST)183057: Crosskey, Lewes R 100256, Elementary perspective /
